| 000 | 00814nam a2200301 c 4500 | ||
|---|---|---|---|
| 001 | |||
| 003 | DO-SdBNP | ||
| 005 | 20170120151052.0 | ||
| 008 | 140916s1978 sp | |||| 000 0 spa | ||
| 015 | _a | ||
| 017 |
_a _b |
||
| 020 | _a | ||
| 035 | _a(OCoLC) | ||
| 040 |
_aBPMSU _bspa _cBPMSU _e |
||
| 041 | 1 |
_aspa _h |
|
| 080 | _a | ||
| 100 | 1 |
_aGorostiza, Carlos _d1943- _4 |
|
| 245 | 1 | 4 |
_aLos días de fiesta / _cCalos Gorostiza ; ilustraciones Blanca Medda |
| 260 |
_aBuenos Aires, Argentina : _bEditoril Kapelusz, _c1978 |
||
| 300 |
_a[14 p.] : _bils. ; _c20 cm |
||
| 336 |
_a _2 |
||
| 337 |
_a _2 |
||
| 490 |
_aCuentos para sonreir _a Pelusa |
||
| 700 | _aMedda, Blanca | ||
| 830 |
_aCuentos para sonreir _pPelusa |
||
| 942 |
_2ddc _cBK |
||
| 956 |
_a VMATEO _b10 _c20170120 _dBPMSU _f0069 |
||
| 999 |
_c12534 _d12534 |
||